000 00887nam a22002657a 4500
999 _c20530
_d20530
005 20191029074447.0
008 191029b xxu||||| |||| 00| 0 spa d
020 _a9788968112959
040 _aCO-BoIAVH
_cCO-BoIAVH
041 _aeng
044 _ako
082 _a581.722
_bK13s
100 _aKang, Dae-Hyun
245 _aSeed Plants of Natma Taung National Park, Myanmar.
260 _aIncheon:
_bNational Institute of Biological Resources,
_c2017.
300 _a632 Páginas:
_bfotografías y mapas,
_c22 x 15 cm.
650 0 _aPlantas
_xclasificación
_zKorea
650 0 _aConservación de los recursos naturales
650 0 _aParque nacional
_vMyanmar
_zCorea
700 _aLee, Jung-Hoon
700 _aOng, Homervergel G.
700 _aLing, Shein Man
700 _aKim, Young-Dong
942 _2ddc
_cLIBRO